| 000 | 01092nas a2200349 4500 | ||
|---|---|---|---|
| 001 | BR0404156 | ||
| 003 | BR-BrBNA | ||
| 005 | 20231205104813.0 | ||
| 007 | ta | ||
| 008 | 230509b bl.|||p| |||| 00| 00por d | ||
| 040 |
_aBR-BrBNA _bpor _cBiblioteca Nacional de Agricultura |
||
| 041 | _a(Pt) | ||
| 072 | _aL02 | ||
| 100 | 1 | _aFurusho-Garcia, I.F. | |
| 100 | 1 | _aPerez, J.R.O. | |
| 100 | 1 | _aOliveira, M.V.M. de | |
| 245 | 1 | _aComponentes corporais e órgãos internos de cordeiros Texel x Bergamácia, Texel x Santa Inês e Santa Inês puros, terminados em confinamento, com casca de café como parte da dieta | |
| 650 | _aOVINO | ||
| 650 | _aRAÇA | ||
| 650 | _aCARNE | ||
| 650 | _aVÍSCERA | ||
| 650 | _aDIETA | ||
| 650 | _aCONFINAMENTO | ||
| 650 | _aPESO | ||
| 650 | _aSEXO | ||
| 650 | _aCASCA DE CAFÉ | ||
| 650 | _aNUTRIÇÃO ANIMAL | ||
| 650 | _aANATOMIA ANIMAL | ||
| 773 | 0 |
_tRevista Brasileira de Zootecnia (Brazil) _xISSN 1516-3598 _g(Nov-Dec 2003), v. 32(6)Suppl. 2 p. 1992-1998 _wBR0404156 |
|
| 909 |
_a202311 _bLúcia _c55 _dLúcia Elande |
||
| 942 |
_2AGRIS _n0 _cANA |
||
| 999 |
_c179752 _d179752 |
||